| 000 | 00701nam a2200217 a 4500 | ||
|---|---|---|---|
| 999 |
_c11175 _d11175 |
||
| 001 | 11175 | ||
| 003 | BD-JhCC | ||
| 005 | 20190806140529.0 | ||
| 008 | 190606b 2016bg |||| ||a| 000 0 ben d | ||
| 020 | _a97898490080413 | ||
| 035 | _a(BD-JhCC)11175 | ||
| 040 |
_aBD-JhCC _dBD-JhCC |
||
| 041 | _aben | ||
| 082 |
_bKHA 2016 _a954.9205 |
||
| 100 | _aখান, বাছেত | ||
| 245 |
_aমুক্তিযুদ্ধ ৭১ যাপিত জীবন / _cবাছেত খান । |
||
| 260 |
_aঢাকা: _bন্যাশনাল পাবলিকেশন; _c২০১৬. |
||
| 300 |
_a২০৭ পৃ. : _c২২ সেমি. |
||
| 942 |
_2ddc _cBK |
||